Welcome to the Holygrace Academy Library

Please use search bar below to get started

THE BELL RINGS (Record no. 9105)

MARC details
000 -LEADER
fixed length control field 00279nam a22001337a 4500
082 ## - DEWEY DECIMAL CLASSIFICATION NUMBER
Classification number 823
Item number MAP/B
100 ## - MAIN ENTRY--AUTHOR NAME
Personal name MAPLE
245 ## - TITLE STATEMENT
Title THE BELL RINGS
246 ## - VARYING FORM OF TITLE
Title proper/short title THE BELL RINGS
Remainder of title THE BELL RINGS
260 ## - PUBLICATION, DISTRIBUTION, ETC. (IMPRINT)
Place of publication INDIA
Name of publisher MAPLE
300 ## - PHYSICAL DESCRIPTION
Number of Pages 16
650 ## - SUBJECT ADDED ENTRY--TOPICAL TERM
Topical Term ENGLISH STORIES
942 ## - ADDED ENTRY ELEMENTS (KOHA)
Koha item type Books
Holdings
Withdrawn status Lost status Collection code Home library Current library Date acquired Source of acquisition Cost, normal purchase price Full call number Accession Number Koha item type
    ENGLISH FICTION Main Library Main Library 18/06/2025 COTRIBUTION 40.00 823 MAP/B 13818 Books